Sustainable agriculture for the lowlands : (Record no. 22515)

000 -LEADER
fixed length control field 00394nam a22001217a 4500
040 ## - CATALOGING SOURCE
Transcribing agency DLC
082 ## - DEWEY DECIMAL CLASSIFICATION NUMBER
Classification number 604 JAN 1992 C283 Or.
100 ## - MAIN ENTRY--AUTHOR NAME
Personal name Janet Duro, Ilya Moeliono
245 ## - TITLE STATEMENT
Title Sustainable agriculture for the lowlands :
Remainder of title resource book
260 ## - PUBLICATION, DISTRIBUTION, ETC. (IMPRINT)
Place of publication Bangkok,
Name of publisher Southeast Asia Sustainable Agriculture Network (SESAN),
Year of publication 1992
300 ## - PHYSICAL DESCRIPTION
Number of Pages xiv, 286 s.
Other physical details illustrations
Dimensions 27CM
942 ## - ADDED ENTRY ELEMENTS (KOHA)
Koha item type ADB
952 ## - LOCATION AND ITEM INFORMATION (KOHA)
Withdrawn status [LOCAL, KOHA] 0
Holdings
Permanent Location Date acquired Koha item type Lost status Shelving location Barcode Current Location Full call number
Library Block C2024-01-09ADB C283a39715Library Block C604 JAN 1992 C283 Or.
មជ្ឈមណ្ឌលឯការនៃសាកលវិទ្យាល័យភូមិន្ទកសិកម្មចំការដូង

Powered by Koha